Loreto College Library, Kolkata
WEBOPAC (ONLINE PUBLIC ACCESS CATALOGUE)

How to Get into College, (Record no. 9067)

MARC details
000 -LEADER
fixed length control field 00528nam a2200193Ia 4500
005 - DATE AND TIME OF LATEST TRANSACTION
control field 20240301113101.0
008 - FIXED-LENGTH DATA ELEMENTS--GENERAL INFORMATION
fixed length control field 131103s9999 xx 000 0 und d
040 ## - CATALOGING SOURCE
Original cataloging agency Loreto College
041 ## - LANGUAGE CODE
Language code English
082 ## - DDC | ডিউই
Classification number | বর্গসংখ্যা 371.2
Book Number | গ্রন্থাঙ্ক BOW
100 ## - MAIN ENTRY--PERSONAL NAME | মুখ্য সংলেখ - ব্যাক্তিনাম
Personal name | ব্যাক্তিনাম Bowles,Frank H.
245 ## - TITLE STATEMENT | অাখ্যা বিবরণী
Title | অাখ্যা How to Get into College,
Statement of responsibility | লেখকের দায়িত্বের বিবরণ Frank H.Bowles
250 ## - EDITION STATEMENT | সংস্করণ ক্ষেত্র
Edition statement | সংস্করণ 3rd rev.ed.
260 ## - IMPRINT | প্রকাশনা ক্ষেত্র
Place of publication | প্রকাশ স্থান New York
Name of publisher | প্রকাশকের নাম E.P.Dutton
Date of publication | প্রকাশ কাল 1963
300 ## - PHYSICAL DESCRIPTION |
Page / Vol. No | পৃষ্ঠা / খন্ড সংখ্যা 185 p.
Other physical details | অনান্য বাহ্যিক বিবরণ ill.,tables
650 ## - SUBJECT ADDED ENTRY--TOPICAL TERM | বিষয় শিরোনাম - মূল বিষয়
Topical term | মূল বিষয় School Administration,Schools and their activities
850 ## - HOLDING INSTITUTION
Holding institution LCLIB
942 ## - ADDED ENTRY ELEMENTS (KOHA)
Koha item type Books
Holdings
Withdrawn status Lost status Source of classification Damaged status Not for loan Home library Current library Date acquired Total Checkouts Full call number Accession No. Date last seen Price effective from Koha item type Coded location qualifier
    Dewey Decimal Classification     Loreto College Loreto College 04/11/2013   371.2 BOW 27813 B8943 04/11/2013 04/11/2013 Books